[Event "Hilversum op"]
[Site "Hilversum"]
[Date "2009.07.01"]
[EventDate "2009.06.27"]
[Round "5"]
[Result "1-0"]
[White "Anish Giri"]
[Black "Ali Bitalzadeh"]
[WhiteElo "2517"]
[BlackElo "2417"]
[PlyCount "141"]

1. d4 Nf6 2. c4 e6 3. Nf3 Bb4+ 4. Bd2 Qe7 5. g3 Nc6 6. Nc3 O-O
7. Bg2 Bxc3 8. Bxc3 Ne4 9. Qc2 Nxc3 10. Qxc3 d6 11. O-O e5
12. d5 Nb8 13. c5 Nd7 14. cxd6 cxd6 15. Qc7 Re8 16. Nd2 Nb6
17. Qxe7 Rxe7 18. Ne4 Rd7 19. Rac1 Rd8 20. Rfd1 Bf5 21. Rc7
Rab8 22. Nd2 Kf8 23. f4 Rdc8 24. Rdc1 exf4 25. gxf4 f6 26. Nb3
Na8 27. R7c4 Nb6 28. Rc7 Na8 29. R7c3 Rxc3 30. Rxc3 Rc8 31. e4
Bd7 32. e5 Rxc3 33. bxc3 fxe5 34. fxe5 dxe5 35. c4 Nc7 36. Nc5
Bf5 37. Nxb7 e4 38. Kf2 Na6 39. Bf1 Nb4 40. Ke3 Ke7 41. a3
Nc2+ 42. Kd2 e3+ 43. Kc3 Nxa3 44. c5 Kd7 45. c6+ Kc7 46. Kd4
Kb6 47. Kxe3 a5 48. Bg2 Nc2+ 49. Kf4 g6 50. d6 Nd4 51. Nxa5
Kxa5 52. Ke5 Nxc6+ 53. Bxc6 Kb6 54. Be8 Kb7 55. Kf6 Kb6 56. d7
Kc7 57. Ke7 Bxd7 58. Bxd7 g5 59. Be8 Kc8 60. Bh5 Kc7 61. Be8
h6 62. Kf6 Kd6 63. Bf7 Kd7 64. h3 Kd8 65. Kg6 Ke7 66. Kg7 Kd6
67. Kxh6 Ke7 68. Kg7 Kd8 69. Kf6 Kd7 70. Kxg5 Ke7 71. Kg6 1-0

[Event "Haye Kramer Zeskamp"]
[Site "Leeuwarden NED"]
[Date "2009.11.14"]
[EventDate "2009.11.13"]
[Round "3"]
[Result "0-1"]
[White "Migchiel de Jong"]
[Black "Anish Giri"]
[WhiteElo "2364"]
[BlackElo "2585"]
[PlyCount "89"]

1. e4 c5 2. Nf3 d6 3. c3 Nf6 4. h3 Nc6 5. Bd3 g6 6. O-O Bg7
7. Bc2 O-O 8. d4 cxd4 9. cxd4 Nb4 10. Bb3 d5 11. e5 Ne4
12. Nc3 Nxc3 13. bxc3 Nc6 14. Bg5 Be6 15. Qd2 f6 16. Bh6 fxe5
17. Bxg7 Kxg7 18. Nxe5 Nxe5 19. dxe5 Qa5 20. Rad1 Rad8 21. f4
Bf5 22. Qe3 Be4 23. Rd4 b5 24. Rfd1 Qb6 25. a4 bxa4 26. Bxa4
Rc8 27. Kh2 Qb2 28. Rxe4 dxe4 29. Rd7 Qa3 30. Qxa7 Rfe8 31. e6
Kg8 32. Bb5 Rxc3 33. f5 gxf5 34. Qf2 Qc5 35. Qf4 Qxb5 36. Rxe7
Rxh3+ 37. Kxh3 Qd3+ 38. Kh4 Rxe7 39. Qb8+ Kg7 40. Qe5+ Kg6
41. Qf4 h6 42. g4 Qd5 43. g5 Qd8 44. Qg3 Rh7 45. e7 0-1

[Event "Dutch Championship"]
[Site "Eindhoven NED"]
[Date "2010.06.13"]
[EventDate "2010.06.11"]
[Round "3"]
[Result "1-0"]
[White "Anish Giri"]
[Black "Robin van Kampen"]
[WhiteElo "2642"]
[BlackElo "2481"]
[PlyCount "99"]

1. d4 d5 2. c4 c6 3. Nf3 Nf6 4. Nc3 dxc4 5. a4 Bf5 6. Ne5 e6
7. f3 Bb4 8. e4 Bxe4 9. fxe4 Nxe4 10. Bd2 Qxd4 11. Nxe4 Qxe4+
12. Qe2 Bxd2+ 13. Kxd2 Qd5+ 14. Kc2 Na6 15. Nxc4 O-O 16. Qe5
Rab8 17. Re1 b5 18. Qxd5 Nb4+ 19. Kb1 exd5 20. Ne5 bxa4
21. Nd7 Rfe8 22. Be2 Rbd8 23. Bf3 Nd3 24. Rxe8+ Rxe8 25. Kc2
Nf4 26. Kd2 Ne6 27. Rc1 Rd8 28. Nc5 Rb8 29. Nd3 Nd4 30. Bd1
Kf8 31. Bxa4 Rb6 32. Ke3 Nf5+ 33. Kf4 Ne7 34. Ke5 Ke8 35. Kd6
Kd8 36. Re1 Nc8+ 37. Kc5 Kd7 38. b3 Nd6 39. Ne5+ Kc7 40. Nxc6
Ne4+ 41. Kd4 Rxc6 42. Bxc6 Kxc6 43. Ra1 Nd2 44. Ra6+ Kb7
45. Ra2 Nxb3+ 46. Kxd5 a5 47. Kc4 a4 48. Rxa4 Nd2+ 49. Kd3 Nf1
50. Rh4 1-0

[Event "Dutch Championship"]
[Site "Eindhoven NED"]
[Date "2010.06.15"]
[EventDate "2010.06.11"]
[Round "4"]
[Result "0-1"]
[White "Wouter Spoelman"]
[Black "Anish Giri"]
[WhiteElo "2580"]
[BlackElo "2642"]
[PlyCount "64"]

1. c4 Nf6 2. Nf3 g6 3. g3 c6 4. Bg2 Bg7 5. O-O d5 6. b3 e5
7. Nxe5 Ng4 8. f4 dxc4 9. Bb2 Nxe5 10. fxe5 Be6 11. Na3 Nd7
12. Qc1 cxb3 13. Nc4 O-O 14. d4 bxa2 15. Ba3 Nxe5 16. dxe5
Qd4+ 17. Ne3 Qxe5 18. Bxf8 Rxf8 19. Nc2 Qc5+ 20. e3 Bxa1
21. Nxa1 Qxc1 22. Rxc1 Rd8 23. Bf3 Rd2 24. Rc2 Rxc2 25. Nxc2
Bd5 26. e4 Be6 27. Kf2 b5 28. Na1 b4 29. Bd1 c5 30. Ke3 c4
31. Kd4 b3 32. Kc3 f6 0-1

[Event "Dutch Championship"]
[Site "Eindhoven NED"]
[Date "2010.06.20"]
[EventDate "2010.06.11"]
[Round "9"]
[Result "1-0"]
[White "Anish Giri"]
[Black "Dimitri Reinderman"]
[WhiteElo "2642"]
[BlackElo "2608"]
[PlyCount "55"]

1. d4 f5 2. g3 Nf6 3. Bg2 g6 4. Nf3 Bg7 5. O-O O-O 6. c4 d6
7. Nc3 e6 8. Re1 Ne4 9. Qc2 Nxc3 10. bxc3 e5 11. dxe5 dxe5
12. Ba3 Re8 13. e4 Nc6 14. exf5 Bxf5 15. Qb3 Na5 16. Qa4 b6
17. Rad1 Qc8 18. Ng5 c6 19. c5 Qc7 20. Bb4 Kh8 21. Bxa5 bxa5
22. Bxc6 Bc2 23. Nf7+ Kg8 24. Qc4 Kf8 25. Ng5 Bxd1 26. Rxd1
Rab8 27. Bxe8 Kxe8 28. Qg8+ 1-0

[Event "Chess Olympiad"]
[Site "Khanty-Mansiysk RUS"]
[Date "2010.09.23"]
[EventDate "2010.09.21"]
[Round "3"]
[Result "0-1"]
[White "Marian Jurcik"]
[Black "Anish Giri"]
[WhiteElo "2466"]
[BlackElo "2677"]
[PlyCount "96"]

1. Nf3 Nf6 2. c4 c6 3. d4 d5 4. e3 Bf5 5. Nc3 e6 6. Bd3 Bxd3
7. Qxd3 Nbd7 8. O-O Bb4 9. Bd2 a5 10. a3 Be7 11. Rfe1 O-O
12. e4 dxe4 13. Nxe4 Nxe4 14. Qxe4 Nf6 15. Qe2 Qb6 16. Be3 Qa6
17. Rac1 Rad8 18. Ne5 a4 19. Qc2 Nd7 20. Red1 Nxe5 21. dxe5
Qa5 22. Qe4 Rxd1+ 23. Rxd1 Rd8 24. Rxd8+ Qxd8 25. Qd4 Qxd4
26. Bxd4 b5 27. Kf1 h5 28. Ke2 Kh7 29. cxb5 cxb5 30. Ke3 Kg6
31. Ke4 f5+ 32. exf6 gxf6 33. f4 f5+ 34. Kd3 Kf7 35. Be3 Ke8
36. Bd2 Bd6 37. g3 Kd7 38. Bb4 Bc7 39. Bc5 Kc6 40. Bd4 Kd5
41. Be3 e5 42. Bd2 e4+ 43. Ke2 Bb6 44. Be3 Bxe3 45. Kxe3 Kc5
46. h3 Kd5 47. Kd2 Kd4 48. Ke2 e3 0-1

[Event "Chess Olympiad"]
[Site "Khanty-Mansiysk RUS"]
[Date "2010.09.25"]
[EventDate "2010.09.21"]
[Round "5"]
[Result "1-0"]
[White "Anish Giri"]
[Black "Mateusz Bartel"]
[WhiteElo "2677"]
[BlackElo "2599"]
[PlyCount "81"]

1. Nf3 Nf6 2. c4 e6 3. Nc3 d5 4. d4 Bb4 5. Bg5 h6 6. Bxf6 Qxf6
7. e3 O-O 8. Be2 dxc4 9. O-O c5 10. Ne4 Qe7 11. Bxc4 cxd4
12. Nxd4 Rd8 13. Qh5 Qf8 14. f4 Nc6 15. Nxc6 bxc6 16. g4 Rd5
17. g5 f5 18. Bxd5 exd5 19. Ng3 Kh7 20. Qf3 Bd7 21. Kh1 Re8
22. Rad1 g6 23. gxh6 Qe7 24. Rd3 Bc8 25. Rg1 c5 26. Rxd5 Bb7
27. Rgd1 c4 28. e4 fxe4 29. Qe3 Bxd5 30. Rxd5 Rd8 31. Rxd8
Qxd8 32. Qxe4 Qd1+ 33. Kg2 Qd2+ 34. Kh3 Bd6 35. Kg4 Kxh6
36. Qxc4 Qd1+ 37. Qe2 Qd4 38. Qe4 Qf6 39. b3 Qa1 40. Qd5 Bf8
41. f5 1-0

[Event "Bundesliga"]
[Site "Emsdetten GER"]
[Date "2010.12.11"]
[EventDate "2010.10.08"]
[Round "5"]
[Result "0-1"]
[White "Jan Smeets"]
[Black "Anish Giri"]
[WhiteElo "2669"]
[BlackElo "2677"]
[PlyCount "72"]

1. e4 c5 2. Nf3 d6 3. d4 cxd4 4. Nxd4 Nf6 5. Nc3 a6 6. Be2 e5
7. Nb3 Be7 8. O-O O-O 9. Be3 Be6 10. Qd2 Nbd7 11. a4 Nb6
12. a5 Nc4 13. Bxc4 Bxc4 14. Rfd1 Rc8 15. Nc1 d5 16. Bb6 Qe8
17. Nxd5 Nxe4 18. Qe1 f5 19. Nxe7+ Qxe7 20. b3 Bf7 21. c4 Rfe8
22. Nd3 Bh5 23. f3 Ng5 24. Qf1 e4 25. Ne1 Rc6 26. Rd2 Rg6
27. fxe4 fxe4 28. Qf5 Rf8 29. Qd5+ Kh8 30. h4 Nh3+ 31. Kh2
Qxh4 32. Qd8 Qg3+ 33. Kh1 Rf6 34. Nc2 h6 35. Bc7 Nf2+ 36. Kg1
Qh4 0-1

[Event "TCh-NED"]
[Site "Netherlands NED"]
[Date "2010.11.20"]
[EventDate "2010.09.25"]
[Round "3.3"]
[Result "1-0"]
[White "Anish Giri"]
[Black "Rudy van Wessel"]
[WhiteElo "2677"]
[BlackElo "2380"]
[PlyCount "159"]

1. e4 e5 2. Nf3 Nc6 3. Bb5 a6 4. Ba4 Nf6 5. O-O Nxe4 6. d4 b5
7. Bb3 d5 8. dxe5 Be6 9. Be3 Be7 10. c3 Qd7 11. Nbd2 Rd8
12. Qe1 Nxd2 13. Bxd2 O-O 14. h3 d4 15. cxd4 Nxd4 16. Nxd4
Qxd4 17. Bc3 Qf4 18. Ba5 Rd7 19. Qe2 c5 20. Rad1 c4 21. Bc2
Bc5 22. Rxd7 Bxd7 23. e6 Bxe6 24. Bxh7+ Kxh7 25. Qh5+ Qh6
26. Qxc5 Rc8 27. Qe5 Qg6 28. Rd1 Rc6 29. Rd4 Qf5 30. Qg3 Bc8
31. Bc3 Rg6 32. Qe3 Qg5 33. Qe4 Bf5 34. Qf3 Bd3 35. Rf4 f6
36. Kh2 Qc5 37. Rh4+ Rh6 38. Rg4 Rg6 39. Rh4+ Rh6 40. Rxh6+
Kxh6 41. a3 a5 42. Qf4+ Qg5 43. Qb8 Kg6 44. Bxa5 Qe5+ 45. Qxe5
fxe5 46. g4 Kf6 47. h4 g6 48. f3 Be2 49. Kg3 Bd1 50. Bd2 Kf7
51. Bh6 Kf6 52. Bf8 Kf7 53. Bb4 Kf6 54. Ba5 Kf7 55. Be1 Kf6
56. Ba5 Kf7 57. Bc3 Ke6 58. Kf2 Bc2 59. Ke3 Bd1 60. Be1 Kd5
61. Ba5 Ke6 62. Bd8 Kd5 63. Bf6 Ke6 64. Bg7 Kd5 65. h5 gxh5
66. gxh5 Bc2 67. Kd2 Bh7 68. Kc3 e4 69. f4 Bf5 70. Kb4 Kc6
71. Bd4 Bh7 72. Be3 Bf5 73. h6 Bg6 74. a4 bxa4 75. Kxc4 Kd6
76. Kb4 Ke6 77. Kxa4 Kf7 78. b4 Bf5 79. b5 Bd7 80. Kb4 1-0

[Event "20th Amber Tournament (Rapid)"]
[Site "Monaco MNC"]
[Date "2011.03.20"]
[EventDate "2011.03.12"]
[Round "8"]
[Result "1-0"]
[White "Anish Giri"]
[Black "Sergey Karjakin"]
[WhiteElo "2690"]
[BlackElo "2776"]
[PlyCount "71"]

1. c4 e5 2. Nc3 Nf6 3. Nf3 Nc6 4. g3 d5 5. cxd5 Nxd5 6. Bg2
Nb6 7. O-O Be7 8. a3 O-O 9. b4 Be6 10. d3 a5 11. b5 Nd4
12. Bb2 f6 13. Nxd4 exd4 14. Nb1 Bd5 15. Nd2 c5 16. bxc6 Bxg2
17. Kxg2 bxc6 18. Qb3+ Kh8 19. Rab1 Re8 20. Rfc1 a4 21. Qa2 c5
22. Ba1 Bf8 23. Nf3 Nd5 24. Rb7 Qd6 25. Rc2 g5 26. e4 dxe3
27. Nxg5 Kg8 28. Ne4 Qe6 29. Rd7 Rad8 30. Rxd5 Qxd5 31. Qxd5+
Rxd5 32. Nxf6+ Kf7 33. Nxd5 e2 34. Bc3 e1=Q 35. Bxe1 Rxe1
36. Nc3 1-0

[Event "French Team Championships"]
[Site "Mulhouse FRA"]
[Date "2011.05.27"]
[EventDate "2011.05.26"]
[Round "2.1"]
[Result "0-1"]
[White "Olivier Renet"]
[Black "Anish Giri"]
[WhiteElo "2497"]
[BlackElo "2687"]
[PlyCount "90"]

1. d4 Nf6 2. c4 g6 3. Nc3 Bg7 4. e4 d6 5. Be2 O-O 6. Nf3 e5
7. O-O Nc6 8. d5 Ne7 9. Ne1 Nd7 10. Nd3 f5 11. Bd2 fxe4
12. Nxe4 Nf5 13. Rc1 Nf6 14. Bg5 h6 15. Bxf6 Bxf6 16. Bg4 b6
17. Rc3 a5 18. Ne1 Bg7 19. Nc2 h5 20. Bh3 Bh6 21. Re1 Kh7
22. Ng3 Qg5 23. Rf3 Bd7 24. b3 Rf7 25. Re4 Raf8 26. Re1 Qe7
27. Ne4 Bf4 28. Rd3 Bh6 29. Rf3 Qe8 30. a4 g5 31. Bxf5+ Bxf5
32. Ng3 Bg6 33. Rxf7+ Qxf7 34. f3 g4 35. Rf1 Kh8 36. Qe2 Qh7
37. Ne1 h4 38. Nh1 g3 39. hxg3 hxg3 40. Nxg3 Bf4 41. Nh1 Qh2+
42. Kf2 e4 43. Rg1 Re8 44. Kf1 exf3 45. Qb2+ Kh7 0-1

[Event "French Team Championships"]
[Site "Mulhouse FRA"]
[Date "2011.05.28"]
[EventDate "2011.05.26"]
[Round "3.2"]
[Result "1-0"]
[White "Anish Giri"]
[Black "Jean-Pierre Le Roux"]
[WhiteElo "2687"]
[BlackElo "2523"]
[PlyCount "79"]

1. d4 Nf6 2. c4 e6 3. g3 d5 4. Nf3 Bb4+ 5. Bd2 Be7 6. Bg2 O-O
7. O-O c6 8. Bf4 b6 9. Nc3 Nbd7 10. Rc1 dxc4 11. Nd2 Nd5
12. Nxc4 Nxf4 13. gxf4 Bb7 14. e3 Rc8 15. Qe2 Ba6 16. Rfd1 g6
17. a3 Qc7 18. Bf1 Rfd8 19. b4 Qb8 20. Qa2 Bb7 21. Bg2 Nf6
22. Qb3 Nd5 23. Ne4 Ba8 24. Ne5 Kg7 25. Ng5 Bxg5 26. fxg5 Rc7
27. e4 Nf4 28. Bf1 c5 29. Qe3 Nh5 30. dxc5 Rxd1 31. Rxd1 bxc5
32. bxc5 Qb2 33. Nc4 Qc2 34. Qd4+ f6 35. Rd3 Qc1 36. h4 Qf4
37. Qd6 Bxe4 38. gxf6+ Kxf6 39. Qd4+ Ke7 40. Qd8+ 1-0

[Event "French Team Championships"]
[Site "Mulhouse FRA"]
[Date "2011.05.29"]
[EventDate "2011.05.26"]
[Round "4.1"]
[Result "1-0"]
[White "Anish Giri"]
[Black "Tornike Sanikidze"]
[WhiteElo "2687"]
[BlackElo "2524"]
[PlyCount "75"]

1. Nf3 Nf6 2. c4 e6 3. g3 d5 4. Bg2 Be7 5. O-O O-O 6. d4 dxc4
7. Qa4 a6 8. Qxc4 b5 9. Qc2 Bb7 10. Bd2 Be4 11. Qc1 Nc6
12. Be3 Rc8 13. Rd1 Na5 14. Nbd2 Bb7 15. a3 b4 16. axb4 Bxb4
17. Ra4 Nd5 18. Bg5 f6 19. e4 fxg5 20. exd5 c5 21. dxc5 Bxc5
22. Qa1 Bb6 23. dxe6 Qc7 24. Rf1 Bd5 25. e7 Rf5 26. Nd4 Bxd4
27. Rxa5 Bxg2 28. Rxf5 Bxf1 29. Qa2+ Bc4 30. Nxc4 Qxe7
31. Nd6+ Kh8 32. Nf7+ Kg8 33. Nxg5+ Kh8 34. Nf7+ Kg8 35. Nd6+
Kh8 36. Nxc8 Qe1+ 37. Kg2 Qe4+ 38. Rf3 1-0

[Event "French Team Championships"]
[Site "Mulhouse FRA"]
[Date "2011.05.30"]
[EventDate "2011.05.26"]
[Round "5"]
[Result "0-1"]
[White "Maxime Aguettaz"]
[Black "Anish Giri"]
[WhiteElo "2417"]
[BlackElo "2687"]
[PlyCount "52"]

1. Nf3 Nf6 2. c4 e6 3. Nc3 d5 4. d4 Bb4 5. Bg5 Nbd7 6. cxd5
exd5 7. e3 c5 8. Bd3 Qa5 9. Qc2 c4 10. Bf5 O-O 11. O-O Re8
12. a3 Bxc3 13. Qxc3 Qxc3 14. bxc3 h6 15. Bxf6 Nxf6 16. Bc2
Re7 17. Rab1 Ne8 18. Rfe1 Nd6 19. a4 Bd7 20. Ne5 Be8 21. g4 g5
22. h3 b5 23. a5 Ne4 24. Bxe4 dxe4 25. f4 f6 26. Red1 Rd8 0-1

[Event "French Team Championships"]
[Site "Mulhouse FRA"]
[Date "2011.05.31"]
[EventDate "2011.05.26"]
[Round "6"]
[Result "1-0"]
[White "Anish Giri"]
[Black "Konstantin Landa"]
[WhiteElo "2687"]
[BlackElo "2613"]
[PlyCount "60"]

1. d4 Nf6 2. c4 e6 3. g3 d5 4. Nf3 dxc4 5. Bg2 Bb4+ 6. Bd2 a5
7. Qc2 Nc6 8. Qxc4 Qd5 9. Qd3 Qf5 10. Qxf5 exf5 11. O-O Be6
12. Rc1 Bd5 13. e3 Ne4 14. Be1 O-O 15. Nfd2 Rfe8 16. Nc3 Nxc3
17. bxc3 Bxg2 18. cxb4 Bd5 19. b5 Nb4 20. a3 Nd3 21. Rc3 Nxe1
22. Rxe1 c6 23. Rb1 g5 24. f3 g4 25. Kf2 h5 26. h4 a4 27. Rb4
Kg7 28. Rc5 Ra5 29. bxc6 Raa8 30. Nc4 bxc6 1-0

[Event "Reggio Emilia"]
[Site "Reggio Emilia ITA"]
[Date "2011.12.31"]
[EventDate "2011.12.27"]
[Round "5"]
[Result "0-1"]
[White "Fabiano Caruana"]
[Black "Anish Giri"]
[WhiteElo "2727"]
[BlackElo "2714"]
[PlyCount "66"]

1. e4 e5 2. Nf3 Nf6 3. Nxe5 d6 4. Nf3 Nxe4 5. d4 d5 6. Bd3 Be7
7. c4 Bb4+ 8. Nbd2 O-O 9. O-O Bf5 10. Nb3 dxc4 11. Bxc4 Nc6
12. Bd3 Bg6 13. a3 Bd6 14. Re1 f5 15. Qc2 Kh8 16. Be3 Qf6
17. Nc5 Bxc5 18. dxc5 Rae8 19. Rad1 Bh5 20. Be2 f4 21. Bc1 a5
22. Qc4 Re7 23. h3 Rfe8 24. Kf1 h6 25. Qc2 Nxf2 26. Kxf2 Bxf3
27. gxf3 Qh4+ 28. Kf1 Qxh3+ 29. Kf2 Qg3+ 30. Kf1 Re5 31. Bxf4
Qxf4 32. Qc4 Re4 33. Qb5 Qg3 0-1

[Event "20th Sigeman & Co Chess Tournament"]
[Site "Malmo SWE"]
[Date "2012.05.11"]
[EventDate "2012.05.09"]
[Round "3"]
[Result "0-1"]
[White "Hans Tikkanen"]
[Black "Anish Giri"]
[WhiteElo "2566"]
[BlackElo "2693"]
[PlyCount "88"]

1. Nf3 Nf6 2. c4 g6 3. Nc3 d5 4. cxd5 Nxd5 5. g3 Bg7 6. Bg2
O-O 7. O-O Nxc3 8. bxc3 c5 9. Rb1 Nc6 10. Qa4 Qc7 11. d4 Bf5
12. Bf4 Qa5 13. Qxa5 Nxa5 14. Rb5 b6 15. dxc5 Bd7 16. Rxa5
bxa5 17. Ne5 Bxe5 18. Bxe5 Rac8 19. Bd4 Bc6 20. Bxc6 Rxc6
21. Rb1 f6 22. f4 Kf7 23. Rb7 Ra8 24. Kf2 Rcc8 25. Rb5 Ke6
26. Rxa5 a6 27. Ke3 Kd5 28. Kd3 Rcb8 29. Ra3 Kc6 30. Rb3 Rxb3
31. axb3 a5 32. c4 Rb8 33. Kc3 Re8 34. Kd3 Rb8 35. Kc3 h5
36. e4 Rd8 37. e5 fxe5 38. fxe5 e6 39. Be3 Rd1 40. h4 Rf1
41. Kb2 Rf3 42. Bf4 a4 43. bxa4 Kxc5 44. a5 Kxc4 0-1

[Event "20th Sigeman & Co Chess Tournament"]
[Site "Malmo SWE"]
[Date "2012.05.16"]
[EventDate "2012.05.09"]
[Round "7"]
[Result "0-1"]
[White "Emanuel Berg"]
[Black "Anish Giri"]
[WhiteElo "2587"]
[BlackElo "2693"]
[PlyCount "50"]

1. f4 Nf6 2. b3 g6 3. Bb2 Bg7 4. e4 d6 5. Nf3 O-O 6. Bd3 Nc6
7. O-O Nb4 8. Qe2 b6 9. a3 Nxd3 10. Qxd3 Bb7 11. Bxf6 Bxf6
12. Nc3 Bg7 13. Rae1 a5 14. Qe3 e5 15. f5 gxf5 16. exf5 f6
17. d4 d5 18. dxe5 fxe5 19. f6 Rxf6 20. Qxe5 Rg6 21. Qf5 Bxc3
22. Re6 Rg7 23. h4 Qf8 24. Qd3 Qc5+ 25. Kh1 Ba6 0-1

[Event "Chess Olympiad"]
[Site "Istanbul TUR"]
[Date "2012.09.01"]
[EventDate "2012.08.28"]
[Round "5.42"]
[Result "0-1"]
[White "Igor Efimov"]
[Black "Anish Giri"]
[WhiteElo "2416"]
[BlackElo "2711"]
[PlyCount "98"]

1. d4 d5 2. c4 e6 3. Nf3 Nf6 4. Qc2 dxc4 5. Qxc4 a6 6. g3 b5
7. Qc2 Bb7 8. Bg2 Nbd7 9. O-O c5 10. e3 Qb6 11. Qe2 cxd4
12. exd4 Be7 13. Be3 Nd5 14. Rc1 O-O 15. Nc3 N7f6 16. a4 b4
17. Nxd5 Bxd5 18. Ne5 Qb7 19. Bxd5 Nxd5 20. Rc4 Rac8 21. Rac1
Bd6 22. Rxc8 Rxc8 23. Rxc8+ Qxc8 24. Qc4 Qb7 25. Bd2 Nb6
26. Qc6 Qxc6 27. Nxc6 b3 28. Na5 Nxa4 29. Bc1 e5 30. Nc4 Bc7
31. dxe5 Nb6 32. Nxb6 Bxb6 33. Kf1 a5 34. Ke2 a4 35. f4 Bd4
36. Kd3 a3 37. bxa3 b2 38. Bxb2 Bxb2 39. a4 f6 40. Ke4 fxe5
41. fxe5 Bc3 42. Kd5 Kf7 43. Kd6 h5 44. h4 Ke8 45. Ke6 Be1
46. Kf5 Bxg3 47. Kg5 Bxe5 48. a5 Kd7 49. Kxh5 Ba1 0-1

[Event "SportAccord World Mind Games (Men's Blindfold)"]
[Site "Beijing CHN"]
[Date "2012.12.19"]
[EventDate "2012.12.18"]
[Round "6.7"]
[Result "1-0"]
[White "Anish Giri"]
[Black "Laurent Fressinet"]
[WhiteElo "2720"]
[BlackElo "2700"]
[PlyCount "89"]

1. Nf3 d5 2. d4 Nf6 3. c4 c6 4. Nbd2 Bf5 5. Nh4 Be4 6. e3 e6
7. Be2 Nbd7 8. O-O Bd6 9. g3 Qe7 10. a3 g5 11. Nhf3 h5
12. Nxg5 h4 13. g4 Rg8 14. f4 O-O-O 15. c5 Bc7 16. Ngxe4 dxe4
17. Kh1 Nd5 18. Nxe4 f5 19. Nd6+ Bxd6 20. cxd6 Qxd6 21. g5 c5
22. Bd2 Kb8 23. Qb3 Rc8 24. Bf3 Rc6 25. Rac1 Rb6 26. Qc2 cxd4
27. exd4 Rc6 28. Qb3 Rb6 29. Qc2 Rc6 30. Qb1 Nf8 31. Rxc6 Qxc6
32. Qc1 Qd7 33. Bg2 Ng6 34. Qd1 Qb5 35. Qe1 Re8 36. b4 Qc4
37. Qf2 Qd3 38. Rc1 h3 39. Bf1 Qxa3 40. b5 Qd6 41. Bxh3 Ndxf4
42. Bf1 Rh8 43. Qg3 Rh3 44. Bxh3 Ne2 45. Qxd6+ 1-0

[Event "TCh-NED Meesterklasse 2012-13"]
[Site "Netherland NED"]
[Date "2012.11.24"]
[EventDate "2012.09.15"]
[Round "4.1"]
[Result "1-0"]
[White "Anish Giri"]
[Black "Jan Michael Sprenger"]
[WhiteElo "2730"]
[BlackElo "2498"]
[PlyCount "95"]

1. Nf3 d5 2. d4 Nf6 3. c4 dxc4 4. e3 e6 5. Bxc4 c5 6. O-O a6
7. dxc5 Bxc5 8. Qxd8+ Kxd8 9. Ne5 Ke7 10. Be2 Bd7 11. Bf3 Nc6
12. Nxc6+ Bxc6 13. Bxc6 bxc6 14. b3 a5 15. Nc3 Rhd8 16. Na4
Bb4 17. Bb2 Rd2 18. Rac1 Rc8 19. Nb6 Rcd8 20. Nc4 Re2 21. a3
Bd6 22. Bc3 Ra8 23. Rfd1 Ne4 24. Be1 Bc7 25. f3 Nc5 26. Nd2
Nd3 27. Bh4+ Ke8 28. Rxc6 Nb2 29. Kf1 Rxe3 30. Rb1 Be5 31. f4
Rc3 32. Rxc3 Bxc3 33. Ne4 Bd4 34. Nd6+ Kf8 35. Nb5 Be3
36. Rxb2 Bxf4 37. Bg3 Bxg3 38. hxg3 Rc8 39. a4 Ke7 40. Na3 f5
41. Rc2 Rb8 42. Nb5 Kf6 43. Rc6 g5 44. Ke2 h5 45. Ke3 h4
46. gxh4 gxh4 47. Nd4 Re8 48. Kf4 1-0

[Event "Reykjavik Open"]
[Site "Reykjavik ISL"]
[Date "2013.02.19"]
[EventDate "2013.02.19"]
[Round "1.1"]
[Result "1-0"]
[White "Anish Giri"]
[Black "Johan-Sebastian Christiansen"]
[WhiteElo "2722"]
[BlackElo "2071"]
[PlyCount "77"]

1. e4 e5 2. Nf3 Nc6 3. Bb5 f5 4. d3 fxe4 5. dxe4 Nf6 6. O-O
Bc5 7. Qd3 d6 8. Qc4 Qe7 9. Nc3 Bd7 10. Nd5 Nxd5 11. exd5 Nd4
12. Bxd7+ Qxd7 13. Nxd4 Bxd4 14. a4 a6 15. Be3 Bxe3 16. fxe3
O-O-O 17. Rf3 Rhf8 18. Raf1 Qe7 19. Qe4 g6 20. b3 Kb8 21. a5
Rxf3 22. Qxf3 Qg5 23. c4 Re8 24. h3 Ka7 25. Kh2 Qe7 26. e4 Kb8
27. Qf7 Ka7 28. b4 Kb8 29. c5 Ka7 30. Qxe7 Rxe7 31. Rf6 Rd7
32. Kg3 Kb8 33. Kg4 Kc8 34. Rf8+ Rd8 35. Rxd8+ Kxd8 36. cxd6
cxd6 37. Kg5 Ke7 38. Kh6 Kf6 39. h4 1-0

[Event "Reykjavik Open"]
[Site "Reykjavik ISL"]
[Date "2013.02.20"]
[EventDate "2013.02.19"]
[Round "2"]
[Result "0-1"]
[White "Dagur Arngrimsson"]
[Black "Anish Giri"]
[WhiteElo "2375"]
[BlackElo "2722"]
[PlyCount "90"]

1. d4 Nf6 2. c4 e6 3. g3 c5 4. d5 exd5 5. cxd5 d6 6. Nc3 g6
7. Bg2 Bg7 8. e4 O-O 9. Nge2 Re8 10. a4 Na6 11. O-O Nb4
12. Bg5 h6 13. Bf4 Ng4 14. h3 Ne5 15. Bxe5 Bxe5 16. f4 Bg7
17. Qd2 Bd7 18. f5 g5 19. Nd1 Qf6 20. Ra3 h5 21. h4 gxh4
22. gxh4 Bh6 23. Rg3+ Kh7 24. Rg5 Rg8 25. Rxh5 Kg7 26. Nf4
Qd4+ 27. Qxd4+ cxd4 28. f6+ Kh7 29. Nf2 Rae8 30. Kh2 Re5
31. Bh3 Bxh3 32. Kxh3 Rxh5 33. Nxh5 d3 34. Ng4 d2 35. Nxh6
Kxh6 36. Nf4 Re8 37. Rd1 Rxe4 38. Kg3 Rd4 39. Kf3 b6 40. b3
Nc2 41. Ne6 Rxd5 42. Ng5 Kg6 43. Ne4 Nd4+ 44. Kf4 Nxb3
45. Rg1+ Kh6 0-1

[Event "Reykjavik Open"]
[Site "Reykjavik ISL"]
[Date "2013.02.20"]
[EventDate "2013.02.19"]
[Round "3"]
[Result "1-0"]
[White "Anish Giri"]
[Black "Axel Smith"]
[WhiteElo "2722"]
[BlackElo "2485"]
[PlyCount "139"]

1. c4 c5 2. Nf3 Nc6 3. Nc3 g6 4. e3 Nf6 5. d4 cxd4 6. exd4 d5
7. cxd5 Nxd5 8. Qb3 Nxc3 9. Bc4 Nd5 10. Bxd5 e6 11. Bxc6+ bxc6
12. O-O Qd5 13. Be3 Qxb3 14. axb3 Bb7 15. Rfc1 Bd6 16. Ne5 Ke7
17. Nxc6+ Bxc6 18. Rxc6 a5 19. Bd2 Rhb8 20. Rxa5 Rxa5 21. Bxa5
Rxb3 22. Rc2 Rd3 23. Rd2 Rb3 24. Kf1 Bb4 25. Bxb4+ Rxb4
26. Ke2 Kd6 27. Rc2 Kd5 28. Rc7 Ke4 29. Rxf7 Rxb2+ 30. Ke1 Kd3
31. Rf3+ Kxd4 32. Rf7 Ke4 33. g3 Rb1+ 34. Ke2 Rb2+ 35. Kf1 Ke5
36. Rxh7 Kf6 37. h4 Rb5 38. Kg2 Ra5 39. g4 e5 40. f3 e4
41. g5+ Ke6 42. fxe4 Ke5 43. Rg7 Kxe4 44. Rxg6 Kf5 45. Rf6+
Kg4 46. Rh6 Kf5 47. Kf2 Ra2+ 48. Ke3 Ra3+ 49. Kd4 Ra5 50. Kc4
Re5 51. Kb4 Rd5 52. Kc3 Rc5+ 53. Kd3 Ra5 54. Kd4 Rb5 55. g6
Kf6 56. h5 Kg7 57. Rh7+ Kg8 58. Ke4 Ra5 59. Kf4 Rb5 60. Kg4
Rb4+ 61. Kg5 Rb5+ 62. Kh6 Rb8 63. Rd7 Ra8 64. Rd5 Rb8 65. Kg5
Ra8 66. h6 Rb8 67. h7+ Kg7 68. Rd7+ Kh8 69. Kh6 Rb7 70. g7+
1-0

[Event "Reykjavik Open"]
[Site "Reykjavik ISL"]
[Date "2013.02.22"]
[EventDate "2013.02.19"]
[Round "5"]
[Result "1-0"]
[White "Anish Giri"]
[Black "Alexander Ipatov"]
[WhiteElo "2722"]
[BlackElo "2569"]
[PlyCount "87"]

1. e4 c6 2. d4 d5 3. e5 Bf5 4. Nf3 e6 5. Be2 c5 6. Be3 cxd4
7. Nxd4 Ne7 8. O-O Nbc6 9. Bb5 a6 10. Bxc6+ bxc6 11. c4 c5
12. Nxf5 Nxf5 13. cxd5 Qxd5 14. Qa4+ Qd7 15. Qe4 Rc8 16. Na3
Be7 17. Rfd1 Qc6 18. Qxc6+ Rxc6 19. Nc4 Nxe3 20. fxe3 Rc7
21. Rd3 O-O 22. Rad1 Rfc8 23. b3 h5 24. Kf2 g5 25. h3 Kg7
26. Kf3 Kg6 27. Rd7 Bf8 28. Rxc7 Rxc7 29. Rd8 Be7 30. Rg8+ Kh6
31. Ra8 Rd7 32. Rxa6 Rd1 33. Ra7 Bf8 34. Ke2 Ra1 35. Rxf7
Rxa2+ 36. Kf3 Bg7 37. Re7 g4+ 38. hxg4 hxg4+ 39. Kg3 Ra6
40. Kxg4 Bf8 41. Rf7 Bg7 42. Rb7 Kg6 43. Kf4 Ra2 44. Re7 1-0

[Event "Reykjavik Open"]
[Site "Reykjavik ISL"]
[Date "2013.02.26"]
[EventDate "2013.02.19"]
[Round "9"]
[Result "1-0"]
[White "Anish Giri"]
[Black "Erwin L'Ami"]
[WhiteElo "2722"]
[BlackElo "2622"]
[PlyCount "79"]

1. Nf3 d5 2. c4 c6 3. d4 Nf6 4. Nc3 a6 5. e3 b5 6. b3 Bf5
7. Bd3 e6 8. O-O Nbd7 9. Bxf5 exf5 10. Ne5 Bd6 11. f4 Rc8
12. Qf3 b4 13. Na4 Ne4 14. Nxd7 Kxd7 15. a3 a5 16. Nc5+ Bxc5
17. dxc5 Ke6 18. axb4 axb4 19. Rd1 Ra8 20. Bb2 Rxa1 21. Bxa1
f6 22. cxd5+ cxd5 23. Bd4 Qd7 24. Ra1 Qb5 25. g4 h5 26. gxf5+
Kxf5 27. Ra7 Rh7 28. Be5 Qxc5 29. Qh3+ Kg6 30. Rc7 Qa5 31. f5+
Kh6 32. Bf4+ g5 33. fxg6 Kxg6 34. Qg2+ Ng5 35. Rc1 Kf7
36. Bxg5 fxg5 37. Qg3 Rg7 38. Qe5 Kg6 39. Rc6+ Kh7 40. Qf5+
1-0